000 00389nam a22001697a 4500
005 20160629111117.0
008 160629b xxu||||| |||| 00| 0 eng d
020 _a0-7619-9621-4
041 _aeng
082 _b10983
100 _aMenon, visalakshi
_93135
245 _aFrom movement of Government
260 _bSage
_c2003
300 _a338
650 _aManagement
_9241
942 _cBK
999 _c4590
_d4588